| 000 | 00945nam a2200217 i 4500 | ||
|---|---|---|---|
| 001 | 162353 | ||
| 003 | ES-MaACL | ||
| 005 | 20230906212512.0 | ||
| 008 | 940301s1884 sp |||| | spa d | ||
| 245 | 0 | 0 |
_aPoetas líricos griegos / _ctraducidos en verso castellano directamente del griego por los señores Baráibar, Menéndez Pelayo, Conde, Canga-Argüelles y Castillo y Ayensa. |
| 260 |
_aMadrid : _bLuis Navarro, _c1884 ( _fImp. Central a cargo de V. Saiz) |
||
| 300 |
_aVIII, 466 p. ; _c18 cm. |
||
| 490 | 1 |
_aBiblioteca clásica ; _v69 |
|
| 530 | _aDisponible en formato digital. | ||
| 650 | 4 |
_aPoesías líricas griegas. _916235 |
|
| 700 | 1 |
_aBaráibar y Zumárraga, Federico. _925291 |
|
| 830 | 0 |
_aBiblioteca clásica ; _v69 _9180370 |
|
| 852 |
_aES-MaACL _jF-13249 _z- Enc. tela |
||
| 856 |
_uhttp://bibliotecadigital.jcyl.es/i18n/consulta/registro.cmd?id=22687 _zBiblioteca Digital de Castilla y León |
||
| 999 |
_c162353 _d162353 |
||